| 000 | 00936nam a22001697a 4500 | ||
|---|---|---|---|
| 003 | SGT | ||
| 020 | _a9788120349469 | ||
| 082 | _a001.4 PAN | ||
| 100 | _aPANNEERSELUAM,R | ||
| 245 | _aRESEARCH METHODOLOGY | ||
| 250 | _a2ND | ||
| 260 |
_aNEW DELHI _bPHI _c2014 |
||
| 300 | _a699 | ||
| 650 | _aRESEARCH METHODOLOGY | ||
| 653 | _a1. Overview of Research Methodology 2. Data Collection and Presentation 3. Review of Basic Statistical Measures 4. Design and Analysis of Experiments 5. Attitude Measurement and Scales 6. Probability Distributions 7. Sampling Methods and Distributions 8. Tests of Hypotheses 9. Nonparametric Tests 10. Basic Multivariate Analysis 11. Advanced Multivariate Analysis 12. Multidimensional Scaling and Conjoint Analysis 13. Algorithmic Research 14. Models for Industries and Public Systems 15. Simulation 16. Report Writing and Presentation 17. Introduction to SPSS | ||
| 942 |
_2ddc _cFCM _04 |
||
| 999 |
_c10476 _d10476 |
||